Institutions et organes de l´Union européenne
Inštitúcie a orgány Európskej únie. Európsky parlament. Rada Európskej únie. Komisia Európskej únie. Test o orgánoch Európskej únie.
Uložené v:
| Hlavný autor: | |
|---|---|
| Médium: | Kapitola |
| Jazyk: | French |
| Predmet: | |
| Tagy: |
Žiadne tagy, Buďte prvý, kto otaguje tento záznam!
|
MARC
| LEADER | 00000naa$a2200000$$$4500 | ||
|---|---|---|---|
| 001 | 0067173 | ||
| 005 | 20240502071814.7 | ||
| 041 | 0 | |a fre | |
| 044 | |a SK | ||
| 245 | 1 | 0 | |a Institutions et organes de l´Union européenne |c Iveta Rizeková |
| 520 | |a Inštitúcie a orgány Európskej únie. Európsky parlament. Rada Európskej únie. Komisia Európskej únie. Test o orgánoch Európskej únie. | ||
| 610 | 2 | 0 | |a Európska únia |
| 610 | 2 | 0 | |a spolupráca hospodárska medzinárodná |
| 610 | 2 | 0 | |a orgány štatutárne |
| 610 | 2 | 0 | |a parlamenty |
| 610 | 2 | 0 | |a moc výkonná |
| 610 | 2 | 0 | |a Rada Európskej únie |
| 610 | 2 | 0 | |a súdnictvo |
| 610 | 2 | 0 | |a financie |
| 100 | 1 | |a Rizeková, Iveta, 1961- | |